| 000 | 01310cam a2200313 a 4500 | ||
|---|---|---|---|
| 001 | 000006934 | ||
| 005 | 20200929154027.0 | ||
| 008 | 971125s1994 sp a b s001 0 spa d | ||
| 020 | _a8478201742 | ||
| 035 | _a(DLC) 97218876 | ||
| 035 | _a(OCoLC)33944832 | ||
| 040 |
_aDO-SdBNP _cEYM _dPL# _dNYP _dAZU _dDLC |
||
| 082 |
_a946.02 _bS211c |
||
| 100 | 1 |
_aSánchez Aragonés, Luisa Ma. _q(Luisa María), _d1965- _919232 |
|
| 245 | 1 | 0 |
_aCortes, monarquía y ciudades en Aragón durante el reinado de Alfonso el Magnánimo, 1416-1458 / _cLuisa Ma. Sánchez Aragonés. |
| 260 |
_aZaragoza : _bInstitución Fernando el Católico, _c1994. |
||
| 300 |
_a478 p. : _bil. ; _c21 cm. |
||
| 490 | 1 |
_aPublicación de la institución "Fernando el Católico" _v1608 |
|
| 504 | _aIncluye referencias bibliográficas y notas al pie de las páginas. | ||
| 504 | _aBibliografías: p. 431-443. | ||
| 500 | _aIncluye índice nombres y de lugares. | ||
| 600 | 0 | 0 |
_aAlfonso V, _d1396-1458. _919233 |
| 651 | 4 |
_aAragón (Reino{Rpara} _xHistoria _vFUENTES _919234 |
|
| 651 | 4 |
_aAragón (España{Rpara} _xPolítica Y Gobierno _918582 |
|
| 651 | 4 |
_aAragón (España{Rpara} _xHistoria _919235 |
|
| 830 | 0 |
_aPublicación de la institución "Fernando el Católico" ; _v1608. _919236 |
|
| 910 | _aCatalogación por copia / LC | ||
| 049 | _aBNGR | ||
| 999 |
_c6718 _d6718 |
||